[Event "Olympiad Women-43"]
[Site "Batumi"]
[Date "2018.09.26"]
[Round "3.43"]
[White "Zaritovskaja, Margarita"]
[Black "Saba, Jamal Mohammed"]
[Result "1-0"]
[WhiteElo "1731"]
[BlackElo "1515"]
[PlyCount "73"]
[EventDate "2018.09.24"]
[EventType "team-swiss"]
[EventRounds "11"]
[EventCountry "GEO"]
[SourceTitle "EXT 2020"]
[Source "ChessBase"]
[SourceDate "2019.10.17"]
[SourceVersion "1"]
[SourceVersionDate "2019.10.17"]
[SourceQuality "1"]
[WhiteTeam "Sweden (W)"]
[BlackTeam "Iraq (W)"]
[WhiteTeamCountry "SWE"]
[BlackTeamCountry "IRQ"]

1. d4 Nf6 2. Nf3 g6 3. c4 Bg7 4. Nc3 0-0 5. Bg5 d6 6. e4 c5 7. d5 h6 8. Bd2 e5 9. Bd3 Nh5 10. Qc1 g5 11. 0-0 Nf4 12. Bc2 Qd7 13. Bd1 a6 14. a4 Qe7 15. Ne2 Kh7 16. Ng3 g4 17. Ne1 Qh4 18. Bxf4 exf4 19. Qxf4 Be5 20. Qd2 f5 21. exf5 Bxf5 22. Bc2 Nd7 23. Nd3 Bd4 24. Nxf5 Rxf5 25. Nf4 Raf8 26. Bxf5+ Rxf5 27. Qd3 Qf6 28. Ne2 Ne5 29. Qc2 Kh8 30. Ng3 Rg5 31. Kh1 h5 32. Ne4 Qg6 33. Rac1 Rf5 34. Nxd6 Rf6 35. Qxg6 Rxg6 36. Ne4 Nxc4 37. Rxc4 1-0